Nem todas as árvores morrem de pé (Record no. 1991)

MARC details
000 -Etiqueta do registo
Valores 00685nam a2200253 4500
010 ## - Número ISBN
ISBN 9789722084901
021 ## - Número do Depósito Legal
Código do país Portugal
Número 541540/24
100 ## - Dados gerais de processamento
Dados gerais 20251120d2025 m||y0pory50030103ba
101 ## - Língua de publicação
Língua Português
102 ## - País de publicação
País Portugal
200 ## - Titulo e menção de responsabilidade
Título próprio Nem todas as árvores morrem de pé
Primeira menção de responsabilidade Luísa Sobral
Outras menções de responsabilidade il. Camila Beirão
205 ## - Menção da edição
Edição 1ª edição
210 ## - Publicação
Local de publicação Alfragide
Nome do editor Dom Quixote
Data de publicação 2025
215 ## - Descrição física 
Paginação / Volumes 222 p.
Outras indicações físicas il.
Dimensões 24 cm
300 ## - Notas gerais 
Texto da nota BMB-Registado
606 ## - Nome comum usado como assunto
ID Autoridade 776
Palavra de ordem Literatura Portuguesa
606 ## - Nome comum usado como assunto
ID Autoridade 779
Palavra de ordem Romance
675 ## - CDU
Notação 821.134.3-31
Edição BMB
Língua por
700 ## - Autor principal (pessoa individual)
Apelido Sobral
Nome Luísa
ID Autoridade 2864
702 ## - Autor secundário (pessoa individual)
Apelido Beirão
Nome Camila
Função Ilustrador
ID Autoridade 2865
801 ## - Fonte de origem
País PT
Agência BMB
Regras de catalogação RPC
990 ## - Elementos KOHA
Tipo de documento Livro
Holdings
Situação do levantamento Estado Número Biblioteca de origem Código de barras Cota Permissão de empréstimo Tipo de documento Forma de aquisição
    1 Biblioteca Municipal de Borba 1940 821.134.3-31 SOB / NEM   Livro Compra
Biblioteca Municipal de Borba

Powered by Koha